Normal view MARC view
  • Gupta, Dr B.R. and Singhal, V.

Entry Personal Name

Number of records used in: 2

001 - CONTROL NUMBER

  • control field: 3062

003 - CONTROL NUMBER IDENTIFIER

  • control field: OSt

005 - DATE AND TIME OF LATEST TRANSACTION

  • control field: 20160628142239.0

008 - FIXED-LENGTH DATA ELEMENTS

  • fixed length control field: 160628|| aca||aabn | a|a d

040 ## - CATALOGING SOURCE

  • Original cataloging agency: OSt
  • Transcribing agency: OSt

100 ## - HEADING--PERSONAL NAME

  • Personal name: Gupta, Dr B.R. and Singhal, V.

670 ## - SOURCE DATA FOUND

  • Source citation: Work cat.: (OSt): Gupta, Dr B.R. and Singhal, V., Power Electronics, 2012